Universidad y cambio social.

Uloženo v:
Podrobná bibliografie
Hlavní autor: Arias Calderón, Ricardo (autor)
Další autoři: Unduraga C., Joaquín (autor) (autor), Vekemans, Roger (autor) (autor)
Médium: Kniha
Jazyk:španělština
Témata:
Tagy: Přidat tag
Žádné tagy, Buďte první, kdo vytvoří štítek k tomuto záznamu!

MARC

LEADER 00000cam^a2200000uu^4500
001 000458100
005 20250521000000.0
008 050901s^^^^^^^^^^^^^^^^rd^r^^000^0^spa^d
009 20260310124059.805
035 |a FCE 000000545 
035 |a FCE 001446 
037 |a Acervo ITESO - Biblioteca 
041 |a spa 
082 0 4 |a 378.1  |b A775u 
100 |a Arias Calderón, Ricardo  |e (autor) 
245 1 0 |a Universidad y cambio social. 
264 |a México :  |b Guajardo,  |c [198-?]. 
300 |a 209 p. 
336 |a texto  |b txt  |2 rdacontenido 
337 |a sin mediación  |b n  |2 rdamedio 
338 |a volumen  |b nc  |2 rdasoporte 
649 |a XX 
650 |a Educación superior 
650 |a Cambio social 
650 |a Relación universidad-sociedad 
700 |a Unduraga C., Joaquín  |e (autor) 
700 |a Vekemans, Roger  |e (autor) 
910 |a Fondo Centro de Estudios Educativos 
920 |a Impresos - Libros 
930 |a Fondos Especiales 
905 |a 133 
901 |a ALE001446  |b IT2  |c CEE  |u 20250521 
902 |a https://opac.biblio.iteso.mx/vufind/Record/000458100